Tributaȯ̂ da economia digital na esfera municipal Volume 3

Detalles Bibliográficos
Autor principal: Fossati, Gustavo
Otros Autores: Meneses, Isael
Formato: eBook
Lenguaje:portugués
Publicado: Rio de Janeiro: FGV - Direito Rio, 2021
Materias:
Acceso en línea:Acceso restringido

MARC

LEADER 00000nam a22000007a 4500
005 20220504212027.0
007 cr|||| |||
008 220504s2021 br |||||s|||| 00||0 por d
020 |a 978-65-86060-23-2 
035 |a 36272 
040 |a vLex 
090 |c 13278  |d 13278 
100 1 |a Fossati, Gustavo 
245 1 0 |a Tributaȯ̂ da economia digital na esfera municipal  |h [Recurso electrn̤ico] /  |c Gustavo Fossati, Isael Meneses  |n Volume 3 
256 |a Servicio en ln̕ea 
260 |a Rio de Janeiro:  |b FGV - Direito Rio,  |c 2021 
300 |a 1 recurso electrn̤ico 
506 1 |a Disponible solo en los productos indicados  |d vLex Global  |d vLex Global (Academic Edition, excluding Law Schools)  |d vLex Global (U.S. Academic Edition, Law Schools)  |d vLex Global (U.S. Academic Edition, excluding Law Schools)  |d vLex Global (Academic Edition, Law Schools) 
650 0 4 |a Derecho Fiscal  |z Brasil 
700 1 |a Meneses, Isael 
740 0 |a vLex Libros (Servicio en ln̕ea) 
856 4 0 |u https://app.vlex.com/#/sources/36272  |z Acceso restringido 
942 |c BOOK 
999 0 |a Tax Law